000 00522nam a2200205Ia 4500
999 _c13877
_d13877
003 0100
005 20170719125613.0
008 130303s9999 xx 000 0 und d
020 _a415056292
040 _cARRUPELIB
050 _aB804.T8841994
245 _aTwentieth-century Continental philosophy
260 _bRoutledge
_aLondon
_c1994
300 _axliii
300 _b 524 p. 25 cm
440 _aRoutledge history of philosophy , v.8
_933443
700 _aedited by Richard Kearney , Kearney, Richard
_933444
942 0 0 _02
_2lcc
_cMONOGRAPH